ARRUPE JESUIT UNIVERSITY

CORONAVIRUS -STOP THE SPREAD - CLEAN,DISINFECT,COVER

Dignity and practical reason in Kant's moral theory (Record no. 123824)

MARC details
000 -LEADER
fixed length control field 00466nam a22001457a 4500
008 - FIXED-LENGTH DATA ELEMENTS--GENERAL INFORMATION
fixed length control field 151130b xxu||||| |||| 00| 0 eng d
020 ## - INTERNATIONAL STANDARD BOOK NUMBER
International Standard Book Number 9780801497483
050 ## - LIBRARY OF CONGRESS CALL NUMBER
Classification number B2799.E8 H55 1992
100 ## - MAIN ENTRY--PERSONAL NAME
Personal name Hill, Thomas E.
9 (RLIN) 21198
245 ## - TITLE STATEMENT
Title Dignity and practical reason in Kant's moral theory
Statement of responsibility, etc Thomas E. Hill, Jr.
260 ## - PUBLICATION, DISTRIBUTION, ETC. (IMPRINT)
Place of publication, distribution, etc Ithaca
Name of publisher, distributor, etc Cornel University Pree
Date of publication, distribution, etc 1992
300 ## - PHYSICAL DESCRIPTION
Extent ix,255p. ;
Dimensions 23cm.
600 ## - SUBJECT ADDED ENTRY--PERSONAL NAME
Personal name Kant, Immanuel
General subdivision Ethics
9 (RLIN) 21199
942 ## - ADDED ENTRY ELEMENTS (KOHA)
Source of classification or shelving scheme Library of Congress Classification
Item type Monograph ( Printed materials)
Holdings
Withdrawn status Lost status Source of classification or shelving scheme Damaged status Not for loan Collection code Home library Current library Shelving location Date acquired Total Checkouts Full call number Barcode Date last seen Date last borrowed Price effective from Koha item type
    Library of Congress Classification     Main Collection ARRUPE LIBRARY ARRUPE LIBRARY Main Collection 30/11/2015 7 B2799.E8 H55 1992 46500005573 07/05/2024 05/02/2024 30/11/2015 Monograph ( Printed materials)

 

Arrupe Library. PO Box MP320 Mt Pleasant, Harare, Zimbabwe
263 242 745411|librarian@aju.ac.zw